=LDR 00000nam 2200000 4500 =001 INLIS000000000029002 =005 20200828080233 =035 ##$$a 0010-061300000029002 =008 200828################g##########0#ind## =041 ##$$a Ind =082 ##$$a 2x4.02 =090 ##$$a 2x4.02, Rom m =100 ##$$a Romli SA. =245 1#$$a Muqaranah mazahib fil ushul /$c Drs. Romli SA =260 ##$$a Jakarta :$b Gaya Media Pratama,$c 1999 =300 ##$$a viii, 279, ; $c 15,5 x 22,5 cm =650 #4$$a Agama islam =850 ##$$a NBPNMAT =020 ##$$a 979-578-026-3 =084 ##$$a 2x4.02 ROM m =250 ##$$a Cet. 1 =504 ##$$a Bibliografi : hlm. 267 - 277 =990 ##$$a 143.496/Pro-99 =990 ##$$a 143.497/Pro-99 =990 ##$$a 21603680 =990 ##$$a 21603681 =990 ##$$a 21603682 =990 ##$$a 21603683 =990 ##$$a 21603684 =990 ##$$a 188/46/2017 =990 ##$$a 143.496/Pro-99 =990 ##$$a 143.497/Pro-99 =990 ##$$a 21603680 =990 ##$$a 21603681 =990 ##$$a 21603682 =990 ##$$a 21603683 =990 ##$$a 188/46/2017 =990 ##$$a 143.496/Pro-99 =990 ##$$a 143.497/Pro-99 =990 ##$$a 21603680 =990 ##$$a 21603681 =990 ##$$a 21603682 =990 ##$$a 188/46/2017 =990 ##$$a 188/46/2017 =990 ##$$a 143.496/Pro-99 =990 ##$$a 143.497/Pro-99 =990 ##$$a 21603680 =990 ##$$a 21603681 =990 ##$$a 188/46/2017 =990 ##$$a 188/46/2017 =990 ##$$a 188/46/2017 =990 ##$$a 143.496/Pro-99 =990 ##$$a 143.497/Pro-99 =990 ##$$a 21603680 =990 ##$$a 188/46/2017 =990 ##$$a 188/46/2017 =990 ##$$a 188/46/2017 =990 ##$$a 188/46/2017 =990 ##$$a 143.496/Pro-99 =990 ##$$a 143.497/Pro-99 =990 ##$$a 188/46/2017 =990 ##$$a 188/46/2017 =990 ##$$a 188/46/2017 =990 ##$$a 188/46/2017